| 000 | 04946pam a2200529 a 4500 | ||
|---|---|---|---|
| 001 | ocm62533791 | ||
| 003 | OCoLC | ||
| 005 | 20200320181746.0 | ||
| 008 | 051129s2006 nyuab b 001 0 eng | ||
| 010 | _a 2005034822 | ||
| 020 | _a0375812563 (trade bdg.) | ||
| 020 | _a9780375812569 (trade bdg.) | ||
| 020 | _a0375912568 (lib. bdg.) | ||
| 020 | _a9780375912566 (lib. bdg.) | ||
| 029 | 1 |
_aYDXCP _b2450428 |
|
| 035 | _a(OCoLC)62533791 | ||
| 040 |
_aDLC _cDLC _dBAKER _dBKX _dXY4 _dVP@ _dGZI _dEHH _dBTCTA _dYDXCP _dWACOL |
||
| 042 | _alcac | ||
| 043 | _an-us--- | ||
| 049 | _aWACL | ||
| 050 | 0 | 0 |
_aE178.6 _b.A76 2006 |
| 082 | 0 | 0 |
_a973 _222 |
| 099 |
_aJ 973 _aArm |
||
| 100 | 1 |
_aArmstrong, Jennifer, _d1961- _934683 |
|
| 245 | 1 | 4 |
_aThe American story : _b100 true tales from American history / by Jennifer Armstrong ; illustrated by Roger Roth. |
| 250 | _a1st ed. | ||
| 260 |
_aNew York : _bA. A. Knopf : _bDistributed by Random House, _c2006. |
||
| 300 |
_a358 p. : _bcol. ill., col. maps ; _c29 cm. |
||
| 505 | 0 | _a1565-First city -- 1570-People of the longhouse -- 1590-Lost colony -- 1607-Pocahontas of Virginia -- 1620-Wanderers -- 1626-Manhattan real estate deal -- 1655-Keeping watch, keeping the faith -- 1680-Knotted rope -- 1692-Devil in Massachusetts -- 1737-Fall of man -- 1743-Claims of France -- 1752-Go fly a kite! -- 1775-Midnight ride -- 1776-Founding Fathers-East -- 1776-Founding Fathers-West -- 1778-Forging an army -- 1791-Plan for a capital -- 1796-Portrait -- 1804-Going bananas -- 1805-Great Divide -- 1812-Uncle Sam -- 1819-Birdbrain -- -1820-Whale's fury -- -1821-Lord's been good to me -- -1825-Marriage of the waters -- 1835-Astonishing discoveries on the moon -- 1846-I'm not leaving this jail -- 1847-Fatal snow -- 1848-Sutter's Mill -- 1849-This side up -- 1851-Ain't I a woman? -- 1851-Flying cloud -- 1852-What is that? -- 1853-Angry response from a touchy chef -- 1856-Big bones -- 1858-Murder by moonlight -- 1861-Daring rescue -- 1863-Jubilee -- 1867-End of the trail -- 1869-Golden spike -- 1870-He laid down his hammer and he died -- 1871-Great Chicago fire -- 1874-Glittering cloud -- 1876-Hard of hearing-East -- 1876-Hard of hearing-West -- 1881-Shoot-out at the O.K. Corral -- 1884-Hold your horses, here come the elephants! -- 1885-Up from the ashes, into the light -- 1889-Run for the hills! -- 1892-Welcome to America -- 1892-Lizzie Borden -- 1895-New friends -- 1898--Remember the Maine! -- 1898-Edison's conquest of Mars -- 1899-Extra! extra! read all about it! -- 1900-Hatchetation -- 1901-Gusher -- 1902-Don't shoot! -- 1903-into the air -- 1906-Bringing down the house -- 1907-Woeful plight of Mary Mallon -- 1911-Cucaracha slide -- 1912-Golden land -- 1917-Courage under fire -- 1919-Great molasses flood -- 1919-Great convoy -- 1920-Votes for women -- 1923-Curse of the bambino -- 1925-Mush! -- 1925-Evolution -- 1927-Spirit of St. Louis -- 1929-St. Valentine's Day -- 1934-Rainmaker -- 1936-Migrant mother -- 1938-War of the worlds -- 1939-Mrs. Roosevelt's revenge -- 1942-Chain reaction -- 1945-Raising the flag on Iwo Jima -- 1946-Electronic brain -- 1947-Cookie-cutter houses -- 1952-End of the summer terror -- 1954-Brown v. Board of Education -- 1955-Walking city -- 1956-All shook up -- 1962-Thirteen days in October -- 1969-Eagle has landed -- 1971-Ping-pong diplomacy -- 1972-Cold war chess -- 1972-Offer he couldn't refuse -- 1973-Battle of the sexes -- 1973-Break-in at the Watergate -- 1974-Rumble in the jungle -- 1975-Last voyage of the Big Fitz -- 1980-Fire mountain -- 1981-Pac-man fever -- 1982-Wall -- 1987-Flight of the condor -- 1990-Hubble trouble -- 1996-Ancient wanderer -- 2000-Election -- Story arcs -- Bibliography -- Index | |
| 520 | _aOne hundred brief stories about real people and occurences in American history, arranged in chronological order by year from 1565 to 2000 | ||
| 504 | _aIncludes bibliographical references (p. 351-354) and index. | ||
| 521 |
_ajunior nonfiction _bbtsb |
||
| 651 | 0 |
_aUnited States _xHistory _vAnecdotes _vJuvenile literature. _95736283 |
|
| 651 | 1 |
_aUnited States _xHistory _vAnecdotes. _95804220 |
|
| 700 | 1 |
_aRoth, Roger, _eill. _936243 |
|
| 856 | 4 | 1 |
_3Table of contents only _uhttp://www.loc.gov/catdir/toc/ecip064/2005034822.html |
| 856 | 4 | 2 |
_3Contributor biographical information _uhttp://www.loc.gov/catdir/enhancements/fy0623/2005034822-b.html |
| 856 | 4 | 2 |
_3Publisher description _uhttp://www.loc.gov/catdir/enhancements/fy0623/2005034822-d.html |
| 938 |
_aBaker & Taylor _bBKTY _c34.95 _d26.21 _i0375812563 _n0006670836 _sactive |
||
| 938 |
_aBaker & Taylor _bBKTY _c39.99 _d39.99 _i0375912568 _n0006670837 _sactive |
||
| 938 |
_aBaker and Taylor _bBTCP _n2005034822 |
||
| 938 |
_aYBP Library Services _bYANK _n2450428 |
||
| 942 |
_cBOOK _033 |
||
| 948 |
_a05/24/2007 _zSirsi |
||
| 994 |
_a02 _bWACOL |
||
| 996 |
_a55750 _b34301000649154 _cJNF _dbk _ewcl _fi _g33 _h23.00 _lbtsb _m973 Arm _p06/05/2007 _q07/10/2019 _r06/13/2019 |
||
| 999 |
_c264841 _d264841 |
||